ABC hudební nauky

Podrobná bibliografia
Hlavný autor: Zenkl, Luděk, 1926- (Autor)
Médium: Kniha
Jazyk:čeština
Fyzický popis:197, [1] s. 21 cm
Vydavateľské údaje: Praha Supraphon 1991
ISBN:8070582847
Vydanie:6. vyd.

MARC

LEADER 00000nam a2200000 a 4500
001 vtls001133395
003 SK-MaSNL
005 20260301062949.0
008 250414s1991 CS 0 cze
020 |a 8070582847 
035 |a SNK000076247 
040 |a SNK  |b slo  |c SNK  |e AACR2 
041 0 |a cze 
044 |a [CS] 
080 |a 781  |2 1981 
100 1 |a Zenkl, Luděk,  |d 1926-  |4 aut  |9 142448 
245 1 0 |a ABC hudební nauky  |c Luděk Zenkl 
250 |a 6. vyd. 
260 |a Praha  |b Supraphon  |c 1991 
300 |a 197, [1] s.  |c 21 cm 
852 |a Slovenská národná knižnica 
919 |a 80-7058-284-7 
954 |a náuka hudobná 
999 |c 622452  |d 624382 
952 |t P60, <04>, [BOOK], {604}  |a SNK  |b SNK  |y VYP  |7 0  |p 17A0207881  |o snkIC 120503  |0 0  |1 0  |4 0  |d 1997-02-15  |l 0  |r 2005-01-01 00:00:00  |w 2026-02-23